Normal view
MARC view
Entry Personal Name
001 - CONTROL NUMBER
- control field: 13819
003 - CONTROL NUMBER IDENTIFIER
- control field: BD-RjUL
005 - DATE AND TIME OF LATEST TRANSACTION
- control field: 20241017114209.0
008 - FIXED-LENGTH DATA ELEMENTS
- fixed length control field: 241017|| aca||aabn | a|a d
040 ## - CATALOGING SOURCE
- Original cataloging agency: BD-RjUL
- Transcribing agency: BD-RjUL
100 ## - HEADING--PERSONAL NAME
- Personal name: Barnard, John Allan
670 ## - SOURCE DATA FOUND
- Source citation: Work cat.: (BD-RjUL)84118: Barnard, John Allan., Modern methods of chemical analysis /, 1965.